• 首页
  • 本馆介绍
  • 公告通知
  • 最新文献
  • 馆藏检索
  • 电子资源
  • 读者导购
  • 参考咨询
  • 我的图书馆
  • 登录
  • 详细信息显示
  • 放入我的书架
  • 预约/预借图书
  • 作者相关作品
  • 分类相关作品
  • 丛书相关作品
  • 出版社相关作品

书目信息

  • 表格格式
  • 工作单格式
  • 卡片格式
题名:
英文谚语详解
    
 
作者: 史济兰 编译
分册:  
出版信息: 香港   协群科技出版社  不详
页数: 232页
开本: 20cm
丛书名:
单 册:
中图分类: H313.3
科图分类:
主题词: 英语
电子资源:
ISBN:
000 00521nam0 2200193 45
001 0405060884
005 20040506085910.4
010    @dCNY2.05
100    @a20040506d不详 km y0chiy0120 ea
101 0  @achi
105    @a z 000yy
200 1  @a英文谚语详解@AYing Wen Yan Yu Xiang Jie@f史济兰编译@FShi Ji Lan Bian Yi
210    @a香港@c协群科技出版社@d不详
215    @a232页@d20cm
606 0  @a英语
690    @aH313.3@v3
701  0 @a史济兰@4编译
801    @aCN@bPftUser@c20040506
905    @f3@b206360-362@dH313.3@e120
    
    英文谚语详解/史济兰编译.-香港:协群科技出版社,不详
    232页;20cm
    
    
    ISBN :CNY2.05
    
●
相关链接 在E读中查询图书 在五车中查询图书 在当当中查询图书 在豆瓣中查询图书


正题名:英文谚语详解     索取号:H313.3/120         预约/预借

序号 登录号 条形码 馆藏地/架位号 状态 备注
1 0206360   001383773   第四借阅区/ [索取号:H313.3/120] 在馆    
2 0206361   001383700   第四借阅区/ [索取号:H313.3/120] 在馆    
3 0206362   001383737   第四借阅区/ [索取号:H313.3/120] 在馆    
4 0206363   001383719   第四借阅区/ [索取号:H313.3/120] 在馆    
5 0206364   001383675   第二样本阅览室/ [索取号:H313.3/120] 在馆    
唐山师范学院图书馆 欢迎您!
大连网信软件有限公司© 版权所有